| 000 | 00781nam a2200241 i 4500 | ||
|---|---|---|---|
| 999 |
_c27048 _d27048 |
||
| 001 | 834874 | ||
| 003 | ARRUPE | ||
| 005 | 20170801101715.0 | ||
| 008 | 780117s1977 ilu b 001 0 eng | ||
| 010 | _a 77155055 | ||
| 020 |
_a0877847983 : _c$4.95 |
||
| 040 |
_aDLC _cDLC _dDLC |
||
| 050 | 0 | 0 |
_aB828.5 _b.E82 |
| 082 | 0 | 0 | _a128/.3 |
| 100 | 1 |
_aEvans, C. Stephen. _934130 |
|
| 245 | 1 | 0 |
_aPreserving the person : _ba look at the human sciences / _cC. Stephen Evans. |
| 260 |
_aDowners Grove, Ill. : _bInterVarsity Press, _cc1977. |
||
| 300 |
_a175 p. ; _c21 cm. |
||
| 504 | _aIncludes bibliographical references and index. | ||
| 650 | 0 |
_aPersonalism. _92153 |
|
| 650 | 0 |
_aPhilosophical anthropology. _934131 |
|
| 906 |
_a7 _bcbc _corignew _d2 _encip _f19 _gy-gencatlg |
||
| 942 |
_2lcc _cMONOGRAPH |
||